| 000 | 01135cam a22003257a 4500 | ||
|---|---|---|---|
| 003 | CHAP | ||
| 005 | 20220329142720.0 | ||
| 008 | 021206d1999 mx a r 00110 spa d | ||
| 010 | _a86752 | ||
| 011 | _a87724 | ||
| 035 | _a98268 | ||
| 040 | _cCHAP | ||
| 090 | _aTesis | ||
| 100 | 0 | 0 |
_aLópez Mendoza, Silvia. _968120 |
| 245 | 1 | 0 |
_aEliminación de virus en ajo (Allium sativum L.) por ensayos de inmunoabsorción con enzimas conjugadas (ELISA) _c/por Silvia López Mendoza |
| 260 |
_aIrapuato, Gto. : _bEl autor, _c1999. |
||
| 300 |
_a52 h. ; _bilus. |
||
| 502 | _aTesis (Ing. en Alimentos) -- Universidad de Guanajuato. Instituto de Ciencias Agrícolas | ||
| 590 |
_aALEPH _b10 _c20130110 _lUCH01 _h1451 |
||
| 590 |
_aBATCH-UPD _b10 _c20130110 _lUCH01 _h1329 |
||
| 590 |
_aBATCH-UPD _b10 _c20130410 _lUCH01 _h0835 |
||
| 590 |
_aBATCH-UPD _b10 _c20130913 _lUCH01 _h2338 |
||
| 590 |
_aCONVERSION _b10 _c20130109 _lUCH01 _h1348 |
||
| 650 | 1 | 4 |
_aAjo _xEnfermedades. _93184 |
| 650 | 1 | 4 |
_aAjo _xVariedades. _93217 |
| 901 | _aBK | ||
| 905 | _aMayto Villalobos S. | ||
| 942 | _cTESIS | ||
| 949 |
_aTesis _bBC _cTES _d98268123 _eTS1 _h39820 _i98268 _sb |
||
| 999 |
_c86752 _d86752 |
||